00517nam a2200133 a 4500008004100000050002200041100001800063245012600081246005600207260006900263350000900332650001300341650002900354060605s2005 xx |||||||||||||| || u aCBU-PG THESIS/MOO aMoonga, Mason14aThe impact of changes of central government policies on operations of local councilscMBA thesis supervised by John Lungu aa case of Ndola City and Chipata Municipal Councils abCopperbelt University, School of Business, MBA Programmec2005 a0.00 0aBUSINESS aLOCAL GOVERNMENT--ZAMBIA